| 000 | 00673nam a22002057a 4500 | ||
|---|---|---|---|
| 999 |
_c12939 _d12939 |
||
| 003 | AR-CdUCM | ||
| 008 | 190410b ||||| |||| 00| 0 spa d | ||
| 040 |
_aMUNICIPALIDAD PROVINCIAL DEL CUSCO _cBIBLIOTECA MUNICIPAL DEL CUSCO |
||
| 082 |
_a082 / _bM26 |
||
| 100 |
_aMaritain, Jacques _92421 |
||
| 245 |
_aLos derechos del hombre : _bY la ley natural / |
||
| 260 |
_aBuenos Aires : _bDedalo, _c1961. |
||
| 300 |
_a173 páginas ; _c20 cm. |
||
| 505 | _aContenido : La sociedad de las personas humanas-- Los derechos de la persona ... | ||
| 650 |
_aDerecho _9739 |
||
| 650 |
_aHombre _9838 |
||
| 650 |
_aSociedad _953 |
||
| 942 |
_2ddc _cFOLLETOS |
||
| 945 |
_arah _d10/04/2019 |
||